Entry Nombre personal
001 - NÚMERO DE CONTROL
- campo de control: 1019
003 - IDENTIFICADOR DE NÚMERO DE CONTROL
- campo de control: DLC
005 - FECHA Y HORA DE LA ÚLTIMA TRANSACCIÓN
- campo de control: 20260406113714.0
008 - ELEMENTOS DE DATO DE LONGITUD-FIJA
- campo de control de longitud fija: 840110n| azannaabn |a aaa
010 ## - NÚMERO DE CONTROL DE LA BIBLIOTECA DEL CONGRESO
- Número de control de LC: n 82233157
- Número de control de LC cancelado o no válido: no2001003244
035 ## - NÚMERO DE CONTROL DEL SISTEMA
- Número de control de sistema: (CaEvSKY)skya1957386
035 ## - NÚMERO DE CONTROL DEL SISTEMA
- Número de control de sistema: (OCoLC)oca00884878
040 ## - FUENTE DE CATALOGACIÓN
- Centro catalogador/agencia de origen: DLC
- Lengua de catalogación: eng
- Normas de descripción: rda
- Centro/agencia transcriptor: DLC
- Centro/agencia modificador: OCoLC
- Centro/agencia modificador: CtY
- Centro/agencia modificador: MX-SlUA
- Centro/agencia modificador: OCoLC
- Centro/agencia modificador: NcU
- Centro/agencia modificador: DLC
046 ## - FECHAS CON CODIFICACIÓN ESPECIAL
- Fecha de nacimiento: 1940
- Fuente del esquema de fecha: edtf
100 1# - ENCABEZAMIENTO-NOMBRE DE PERSONA
- Nombre de persona: Cardona Castro, Francisco-Luis
370 ## - LUGAR ASOCIADO
- Lugar de nacimiento: Barcelona (Spain)
- País asociado: Spain
- Fuente del término: naf
372 ## - CAMPO DE ACTIVIDAD
- Campo de actividad: History
- Campo de actividad: Mythology
- Campo de actividad: Mythology--Dictionaries
- Fuente del término: lcsh
374 ## - OCUPACIÓN
- Ocupación: Authors
- Ocupación: Historians
- Ocupación: Biographers
- Ocupación: College teachers
- Fuente del término: lcsh
377 ## - IDIOMA ASOCIADO
- Código del idioma: spa
400 1# - TRAZADO DE VÉASE--NOMBRE DE PERSONA
- Subcampo de control: nna
- Nombre de persona: Cardona Castro, Francisco
400 1# - TRAZADO DE VÉASE--NOMBRE DE PERSONA
- Nombre de persona: Castro, Francisco-Luis Cardona
400 1# - TRAZADO DE VÉASE--NOMBRE DE PERSONA
- Nombre de persona: Cardona, Francisco L.
- Forma completa/desarrollada del nombre: (Francisco Luis)
400 1# - TRAZADO DE VÉASE--NOMBRE DE PERSONA
- Nombre de persona: Cardona, Francisco-Luis
400 1# - TRAZADO DE VÉASE--NOMBRE DE PERSONA
- Nombre de persona: Cardona i Castro, Francesc-Lluís
400 1# - TRAZADO DE VÉASE--NOMBRE DE PERSONA
- Nombre de persona: Castro, Francesc-Lluís Cardona i
400 1# - TRAZADO DE VÉASE--NOMBRE DE PERSONA
- Nombre de persona: Cardona Castro, F. L.
400 1# - TRAZADO DE VÉASE--NOMBRE DE PERSONA
- Nombre de persona: Castro, F. L. Cardona
400 1# - TRAZADO DE VÉASE--NOMBRE DE PERSONA
- Subcampo de control: nne
- Nombre de persona: Cardona, F. Ll.
- Forma completa/desarrollada del nombre: (Francesc Lluís)
400 1# - TRAZADO DE VÉASE--NOMBRE DE PERSONA
- Nombre de persona: Cardona, Francesc Lluís
400 1# - TRAZADO DE VÉASE--NOMBRE DE PERSONA
- Nombre de persona: Cardona Castro, F. Lluís
400 1# - TRAZADO DE VÉASE--NOMBRE DE PERSONA
- Nombre de persona: Cardona Castro, Lluís
400 1# - TRAZADO DE VÉASE--NOMBRE DE PERSONA
- Nombre de persona: Cardona, F. L.
670 ## - FUENTE DE DATOS ENCONTRADOS
- Cita de la fuente: Edición compuesta de la transcripción moderna en verso-romance del Cantar de Mío Cid, 1982:
- Información encontrada: t.p. (Fco.-Luis Cardona, Doctor y Catedrático de Historia) p. 190 (Francisco-Luis Cardona Castro)
670 ## - FUENTE DE DATOS ENCONTRADOS
- Cita de la fuente: LC data base, 1-6-84
- Información encontrada: (hdg.: Cardona Castro, Francisco; usage: Francisco L. Cardona)
670 ## - FUENTE DE DATOS ENCONTRADOS
- Cita de la fuente: Jaume I, el Conqueridor, 1994:
- Información encontrada: t.p. (Francesc-Lluís Cardona i Castro) p. 4 of cover (b. Barcelona, 1940; Doctor y Catedrático de Historia; biographer)
670 ## - FUENTE DE DATOS ENCONTRADOS
- Cita de la fuente: Historia cronológica del mundo, 1967:
- Información encontrada: title page (Francisco Cardona Castro) page 7 (F. L. Cardona Castro)
670 ## - FUENTE DE DATOS ENCONTRADOS
- Cita de la fuente: Cardona, F. Ll. Mitología y leyendas de América y Oceanía, 1999:
- Información encontrada: t.p. (F. Ll. Cardona) cover (Francesc Ll. Cardona) p. 4 of cover (Francesc Lluís Cardona)
670 ## - FUENTE DE DATOS ENCONTRADOS
- Cita de la fuente: Shakespeare. W. Sueño de una noche de verano, 2020:
- Información encontrada: title page (prólogo y presentación, Francesc Ll. Cardona)
670 ## - FUENTE DE DATOS ENCONTRADOS
- Cita de la fuente: Babelio, viewed December 15, 2022
- Información encontrada: (Francesc-Lluis Cardona (Barcelona, 1940-) is a historian and university professor, retired. His first works were a Chronological History of the World and a Universal History. He later specialized in historical biographies: Julius Caesar, Christopher Columbus, The Marquise de Pompadour, Hitler, Stalin, Mao Zedong, Kafka, John XXIII, Kennedy, and others. He also wrote a monumental Dictionary of Universal Mythology, Classical Mythology, and Mythologies of each of the continents. Among other works, he is an author of The Golden Book of the Celts and Mythology of the Constellations)
- Identificador Uniforme de Recurso: https://es.babelio.com/auteur/-FRANCESC-LL-CARDONA/52567
670 ## - FUENTE DE DATOS ENCONTRADOS
- Cita de la fuente: BNE in VIAF, viewed December 15, 2022
- Información encontrada: (AAP: Cardona Castro, Francisco Luis (1940-) ; variants: Cardona, F. L. (1940-) ; Cardona, Francesc Ll. (1940-) ; Cardona, Francisco (1940-) ; Cardona Castro, F. (1940-) ; Cardona Castro, Francisco L. (1940-) ; Cardona Castro, Luis (1940-) ; Cardona Castro, Francesc Lluís (1940-) ; Cardona i Castro, Francesc Lluís (1940-))
670 ## - FUENTE DE DATOS ENCONTRADOS
- Cita de la fuente: Puros. su historia y sus marcas, 2000:
- Información encontrada: title page (F. L. Cardona)